Música de huesos : (Registro nro. 3684)

Detalles MARC
000 -LEADER
fixed length control field 01183nam a2200229Ia 4500
003 - CONTROL NUMBER IDENTIFIER
control field OSt
005 - DATE AND TIME OF LATEST TRANSACTION
control field 20250410132608.0
008 - FIXED-LENGTH DATA ELEMENTS--GENERAL INFORMATION
fixed length control field 191128s2007 ck a gr 000 f spa d
020 ## - INTERNATIONAL STANDARD BOOK NUMBER
International Standard Book Number 9789584419743
040 ## - CATALOGING SOURCE
Original cataloging agency CO-JMCR
Transcribing agency CO-JMCR
041 ## - LANGUAGE CODE
Language code of text/sound track or separate title spa
082 04 - DEWEY DECIMAL CLASSIFICATION NUMBER
Classification number A-N
Item number BARm
100 1# - MAIN ENTRY--PERSONAL NAME
Personal name Barrera, Germán Hermida,
Relator term autor
9 (RLIN) 6325
245 10 - TITLE STATEMENT
Title Música de huesos :
Remainder of title y otros accidentes históricos /
Statement of responsibility, etc. Germán Hermida Barrera ; ilustraciones Diego Martínez Celis
260 ## - PUBLICATION, DISTRIBUTION, ETC.
Place of publication, distribution, etc. Bogotá :
Name of publisher, distributor, etc. Alcaldía Mayor de Bogotá,
Date of publication, distribution, etc. 2007
300 ## - PHYSICAL DESCRIPTION
Extent 266 páginas :
Other physical details ilustraciones a color ;
Dimensions 24 cm.
500 ## - GENERAL NOTE
General note Inluye referencias bibliográficas.
505 ## - FORMATTED CONTENTS NOTE
Formatted contents note Correrías tras el Compendio Historial o la perdida confesión de Ximénez de Quesada -- Nuestra Señora de la Presentación de Bochica y los misiles contra Palacio -- Música de huesos -- El hombre de oro y dos pedazos de carne descompuesta
520 ## - SUMMARY, ETC.
Summary, etc. Música de huesos es, sin duda, un viaje vertiginoso al pasado de Bogotá y del altiplano. Las ocho expediciones que acomete el autor despiertan cierta ansiedad por hacer parte de dichas búsquedas y aventuras.
650 14 - SUBJECT ADDED ENTRY--TOPICAL TERM
Topical term or geographic name entry element Literatura colombiana
9 (RLIN) 6326
942 ## - ADDED ENTRY ELEMENTS (KOHA)
Source of classification or shelving scheme Dewey Decimal Classification
Koha item type Books
Existencias
Withdrawn status Lost status Source of classification or shelving scheme Damaged status Not for loan Collection code Home library Current library Shelving location Date acquired Source of acquisition Cost, normal purchase price Total Checkouts Full call number Barcode Date last seen Date last checked out Copy number Koha item type
    Dewey Decimal Classification     Fiction Biblioteca Pública José María del Castillo y Rada Biblioteca Pública José María del Castillo y Rada Fiction 11/28/2019 Donación 0.00 5 A-N BARm 201807667 04/15/2026 04/15/2026 Ej.1 Books